000 02533nam0a2200433 4500
001 RU\NLR\bibl\1003136
005 20260406044832.0
021 _aRU
_b2006-56914
_92815
035 _a(nilc)RSL-KNO-002941404
035 _a(NLR Aleph) 000990832
090 _a517797
_c517797
100 _a20060926d2006 |||y0rusy50 ca
101 0 _arus
102 _aRU
105 _aa |||||||||
106 _ar
200 1 _aКонтроль как функция управления в сложных системах
_fЕ. И. Иванова, О.Н. Сметанина, Р.В. Фаттахов, Н.И. Юсупова
_g[науч. ред. д.э.н., проф. Фаттахов Р. В]
_gРоссийская акад. наук, Уфимский науч. центр, Ин-т социально-экономических исслед., М-во образования и науки Российской Федерации, Федеральное агентство по образованию, ГОУ ВПО Уфимский гос. авиационный технический ун-т
205 _aПрепр. моногр.
210 _aУфа
_cИзд-во УНЦ РАН
_d2006
_eУфа
_gПринТ+
215 _a59 с.
_cил., табл.
_d20
320 _aБиблиогр.: с. 56-59
606 1 _aКонтроль в управлении
_91363166
_3RU\NLR\auth\66570497
606 1 _aСложные системы
_xКонтроль
_91745531
_3RU\NLR\auth\661077290
610 0 _aЭкономика -- Российская Федерация -- Управление -- Контроль
686 _aУ9(2)218,0
_2rubbk
686 _aУ21(2)8
686 _aУ010.5
701 1 _4070
_8rus
_7ca
_aИванова
_bЕ. И.
_cд-р экон. наук, гос. аудит
_f1946-
_gЕлена Ивановна
_3RU\NLR\AUTH\7746307
_929242
701 1 _4070
_8rus
_7ca
_aСметанина
_bО. Н.
_f1963-
_gОльга Николаевна
_3RU\NLR\auth\7744948
_927888
701 1 _4070
_8rus
_7ca
_aФаттахов
_bР. В.
_f1941-
_gРафаэль Валиахметович
_3RU\NLR\auth\7718992
_92067
701 1 _4070
_8rus
_7ca
_aЮсупова
_bН. И.
_f1953-
_gНафиса Исламовна
_3RU\NLR\auth\774637
_9114614
702 1 _4340
_8rus
_7ca
_aФаттахов
_bР. В.
_f1941-
_gРафаэль Валиахметович
_3RU\NLR\auth\7718992
_92067
801 0 _aRU
_bРКП
_c20060926
_grcr
801 1 _aRU
_bРГБ
_c20060926
801 2 _aRU
_bNLR
_c20061101
_grcr
942 _cBOOK
980 _aNB
980 _aNBR